Language Quiz

Random Language or Italian Quiz

Italian: Months Quiz Stats

 Plays Quiz Updated Feb 3, 2020

Support Sporcle.
Go Orange.
Score 0/12 Timer 03:00
0 Plays Today
English Italian % Correct
Marchmarzo
89.3%
Aprilaprile
86.7%
Novembernovembre
86.6%
Octoberottobre
82.6%
Septembersettembre
81.5%
Decemberdicembre
78.8%
Augustagosto
78.1%
Januarygennaio
76.6%
Maymaggio
75.4%
Februaryfebbraio
75%
Julyluglio
63.5%
Junegiugno
56.5%

From the Vault

Best Actress Oscar Winners by Biography Title

by Pushcake

Movies 4m
We wonder if they're better known for the award or biography? Guess it depends on which came first.
Remove Ads.
Support Sporcle.
Get the best of Sporcle when you Go Orange. This ad-free experience offers more features, more stats, and more fun while also helping to support Sporcle. Thank you for becoming a member.

Show Comments

Extras

Top Quizzes Today


Score Distribution

Your Account Isn't Verified!

In order to create a playlist on Sporcle, you need to verify the email address you used during registration. Go to your Sporcle Settings to finish the process.

Report this User

Report this user for behavior that violates our Community Guidelines.

Details: